000 005270000a22001810004500
003 MACL
005 20160223125929.0
008 160223b xxu||||| |||| 00| 0 eng d
040 _aMACL
_cMACL
041 _aHindi
082 _a520
100 _aगोरख प्रसाद
_939596
245 _aभारतीय ज्‍योतिष का इतिहास
260 _bप्रकाशन ब्‍यूरो
_c1956
_aलखनउ
350 _a4
650 _aAstronomy
_939597
942 _cHIN
_k520
_2ddc
999 _c25655
_d25655